Nonlinear phenomena in physics : proceedings of the 1984 Latin American School of Physics, Santiago, Chile, July 16-August 3, 1984
Saved in:
| Corporate Author: | |
|---|---|
| Other Authors: | |
| Format: | Conference Proceeding Book |
| Language: | English |
| Published: |
Berlin :
Springer-Verlag,
1985.
|
| Series: | Springer proceedings in physics
|
| Subjects: | |
| Tags: |
Add Tag
No Tags, Be the first to tag this record!
|
MARC
| LEADER | 00000cam a2200000 i 4500 | ||
|---|---|---|---|
| 001 | 1/62733 | ||
| 008 | 941103s1985 gw ||| | eng|| | ||
| 020 | |a 3540152733 | ||
| 035 | |l 10046671 | ||
| 040 | |a GR-MyUA |b gre |e AACR2 | ||
| 041 | 0 | |a eng | |
| 082 | 0 | |a 530.155355 | |
| 111 | 2 | |a Latin American School of Physics |n (21st : |d 1984 : |c Santiago, Chile) | |
| 245 | 1 | 0 | |a Nonlinear phenomena in physics : |b proceedings of the 1984 Latin American School of Physics, Santiago, Chile, July 16-August 3, 1984 / |c F.Claro editor. |
| 260 | |a Berlin : |b Springer-Verlag, |c 1985. | ||
| 300 | |a 441 σ. ; |c 25 εκ. | ||
| 490 | 1 | |a (Springer proceedings in physics) | |
| 504 | |a Περιέχει βιβλιογραφικές αναφορές. | ||
| 650 | 0 | 0 | |a Mathematical physics. |
| 650 | 0 | 0 | |a Nonlinear theories. |
| 700 | 1 | |a Claro, F. |q (Francisco), |d 1942- |e edt | |
| 830 | 0 | |a Springer proceedings in physics | |
| 852 | |a INST |b SAMOS |e 19941103 |h 530.155355 LAT |p 005300000836 |q 005300000836 |t BK |y 0 | ||
| 901 | |a BIBL3-2005-3 | ||
| 909 | |a Σ |b 009211 | ||